000 00702nam a22001937a 4500
999 _c6128
_d6128
005 20260305110530.0
008 260305b ||||| |||| 00| 0 eng d
020 _a9780141324319
040 _cKH8
082 _a823.92
100 _aBRADFORD,CHRIS
_eAUTHOR
245 _aYoung Samurai/The Way of the Sword
260 _a80 Strand,London WC2R 0RL,England
_bPenguin Group
_c2009
300 _a379 pages
_bb illustration
_c13cm x 19cm
520 _aIn 1611 Japan, English orphan Jack Fletcher continues his difficult training at Niten Ichi Ryu Samurai School, while also trying to get back the rutter, -Library Thing-
650 _aJuvenile Fiction
_vSamurai
655 _aAdventure
942 _2ddc
_cFIC